[Event "CZE-ch U10"]
[Site "Kouty nad Desnou"]
[Date "2017.03.13"]
[Round "4"]
[White "Matus, Jakub"]
[Black "Zalusky, Matej"]
[Result "1/2-1/2"]
[WhiteElo "1206"]
[BlackElo "1245"]
[PlyCount "42"]
[EventDate "2017.03.11"]
[EventType "swiss"]
[EventRounds "9"]
[EventCountry "CZE"]
[SourceTitle "CBM 177 Extra"]
[Source "ChessBase"]
[SourceDate "2017.04.27"]
[SourceVersion "1"]
[SourceVersionDate "2017.04.27"]
[SourceQuality "1"]

1. e4 e6 2. d4 d5 3. e5 c5 4. c3 Nd7 5. Nf3 Ne7 6. Be3 Nc6 7. Be2 h6 8. 0-0 b6 9. Nbd2 Qc7 10. Rc1 c4 11. b3 Na5 12. Re1 Ba6 13. Rb1 b5 14. Qc2 Rc8 15. Bf4 Be7 16. b4 Nc6 17. Nf1 g5 18. Bg3 Nf8 19. Ne3 h5 20. h3 Kd7 21. a4 Ng6 1/2-1/2